Democracy and public administration / (Record no. 38577)

MARC details
000 -LEADER
fixed length control field 00825nam a22002297a 4500
005 - DATE AND TIME OF LATEST TRANSACTION
control field 20100802115916.0
010 ## - LCCN (DPL NO)
LC control number ENG-97613
020 ## - INTERNATIONAL STANDARD BOOK NUMBER
International Standard Book Number 9789380096766
Terms of availability 775.00
035 ## - SYSTEM CONTROL NUMBER
System control number EN-81146
037 ## - SOURCE OF ACQUISITION
Source of stock number/acquisition DBAD/PUB
082 ## - DEWEY DECIMAL CLASSIFICATION NUMBER
Classification number 351.54
245 ## - TITLE STATEMENT
Title Democracy and public administration /
Statement of responsibility, etc edited by G. S. Rana
260 ## - PUBLICATION, DISTRIBUTION, ETC. (IMPRINT)
Place of publication, distribution, etc New Delhi
Name of publisher, distributor, etc Alfa Publications
Date of publication, distribution, etc 2010
270 ## - ADDRESS
Address 4398/5, AnsariRoad, Daryaganj,
City New Delhi
Postal code 110 002
300 ## - PHYSICAL DESCRIPTION
Extent v, 288p.
Dimensions 22cm (Hb)
500 ## - GENERAL NOTE
General note Includes bibliographical references
650 ## - SUBJECT ADDED ENTRY--TOPICAL TERM
Topical term or geographic name as entry element Political science
650 ## - SUBJECT ADDED ENTRY--TOPICAL TERM
Topical term or geographic name as entry element Public administration
700 ## - ADDED ENTRY--PERSONAL NAME
Personal name Rana, G. S.
9 (RLIN) 3990
942 ## - ADDED ENTRY ELEMENTS (KOHA)
Source of classification or shelving scheme Dewey Decimal Classification
Item type English Books
Classification part 351.54
Call number suffix DEM
Holdings
Withdrawn status Lost status Not for loan Collection code Home library Current library Date acquired Source of acquisition Cost, normal purchase price Full call number Barcode Copy number Cost, replacement price Koha item type
    Not For Loan Non-fiction D.B.Act.Division D.B.Act.Division 02/08/2010 DBAD/PUB 775.00 351.54 DEM EN-81146 1 775.00 English Books

© Delhi Public Library
Hit Counter
free hit counter